000 00312nam a2200121Ia 4500
005 20260326235442.0
008 260326s9999||||xx |||||||||||||| ||und||
100 _aGómez, Efraín
245 0 _aPanamá :
_b El Casco Antiguo /
_cEfraín Gómez
260 _bEditart
650 _aARQUITECTURA REGIONAL
942 _cBK
999 _c7433
_d7433